| 000 | 00736nam a22002537a 4500 | ||
|---|---|---|---|
| 003 | CHAP | ||
| 005 | 20220329134810.0 | ||
| 008 | 971013s1984 r 00010 d | ||
| 010 | _a26119 | ||
| 011 | _a27091 | ||
| 035 | _a31192 | ||
| 040 | _cCHAP | ||
| 090 | _aFolleto 9757 | ||
| 110 |
_aInternational Rice Research Institute _959779 |
||
| 245 | _aTerminology for rice growing environments | ||
| 260 |
_aManila : _bThe Institute, _c1984 |
||
| 300 |
_a35 p. _b: ilus |
||
| 590 |
_aBATCH-UPD _b10 _c20130110 _lUCH01 _h2233 |
||
| 590 |
_aCONVERSION _b10 _c20130109 _lUCH01 _h1315 |
||
| 650 | 1 | 4 |
_aArroz _xEfecto del medio ambiente. _97598 |
| 901 | _aBK | ||
| 942 | _cFOLL | ||
| 949 |
_aFolleto 9757 _bBC _cFOLL _d-72160 _eTS1 _i31192 _mDir _si |
||
| 999 |
_c26119 _d26119 |
||